| Tag |
First Indicator |
Second Indicator |
Subfields |
| LEADER |
00000cam a2200000 4500 |
| 001 |
in00001925593 |
| 006 |
m | d | |
| 007 |
cr |n||||||||n |
| 008 |
810314s1780 enk|||| s 00||||eng d |
| 005 |
20260406212726.7 |
| 035 |
|
|
|a (CStRLIN)ESTCT119266
|
| 040 |
|
|
|a Uk-ES
|c Uk-ES
|d Cu-RivES
|d CStRLIN
|d Thomson Gale
|d UtOrBLW
|
| 100 |
1 |
|
|a Fisher, A.
|q (Anne),
|d 1719?-1778.
|
| 240 |
1 |
0 |
|a New grammar, with exercises of bad English
|
| 245 |
1 |
2 |
|a A practical new grammar :
|b with exercises of bad English; or, an easy guide to speaking and writing the English language properly and correctly. ... To which is added, a curious and useful appendix. A new edition, corrected and improved. By A. Fisher.
|
| 264 |
|
3 |
|a Leeds :
|b printed [by Binns and Brown] for John Binns,
|c [1780?]
|
| 300 |
|
|
|a xii,180p. ;
|c 12⁰.
|
| 336 |
|
|
|a text
|b txt
|2 rdacontent
|
| 337 |
|
|
|a computer
|b c
|2 rdamedia
|
| 338 |
|
|
|a online resource
|b cr
|2 rdacarrier
|
| 500 |
|
|
|a Titlepage in red and black.
|
| 500 |
|
|
|a Printers' names from colophon.
|
| 500 |
|
|
|a Preface dated: March 2, 1779.
|
| 500 |
|
|
|a First published as 'A new grammar.'.
|
| 500 |
|
|
|a Reproduction of original from the British Library.
|
| 510 |
4 |
|
|a Alston,
|c I 128
|
| 510 |
4 |
|
|a English Short Title Catalog,
|c ESTCT119266.
|
| 533 |
|
|
|a Electronic reproduction.
|b Farmington Hills, Mich. :
|c Thomson Gale,
|d 2003.
|n Available via the World Wide Web.
|n Access limited by licensing agreements
|7 s2003 miunns
|
| 500 |
|
|
|a Electronic resource.
|
| 830 |
|
0 |
|a Eighteenth century collections online.
|
| 856 |
4 |
0 |
|u http://proxy.library.tamu.edu/login?url=https://galenet.galegroup.com/servlet/ECCO?c=1&stp=Author&ste=11&af=BN&ae=T119266&tiPG=1&dd=0&dc=flc&docNum=CW115734182&vrsn=1.0&srchtp=a&d4=0.33&n=10&SU=0LRK&locID=txshracd2898
|z Full text online
|t 0
|
| 999 |
|
|
|a MARS
|
| 999 |
f |
f |
|s f4b3d7f7-320d-3420-9021-2f7c08314aa8
|i 059a247b-a70c-3fea-bf8b-58b0a5c41391
|t 0
|
| 952 |
f |
f |
|a Texas A&M University
|b College Station
|c Electronic Resources
|s www_evans
|d Available Online
|t 0
|h No information provided
|
| 998 |
f |
f |
|t 0
|l Available Online
|